| 000 | 00750nam a2200253Ia 4500 | ||
|---|---|---|---|
| 003 | OSt | ||
| 005 | 20221006160507.0 | ||
| 006 | a|||||r|||| 00| 0 | ||
| 007 | ta | ||
| 008 | 221006b |||||||| |||| 00| 0 eng d | ||
| 024 | _a45,314 | ||
| 037 | _cSeries Articles | ||
| 040 |
_aEASL _cEASL _beng |
||
| 041 |
_2eng _aeng |
||
| 100 |
_aPinkney marion Andrea _9673877 |
||
| 245 | 0 |
_aLooking west to India _b Asian education, intra- Asian renaissance, and the Nalanda revival |
|
| 260 |
_aNew York _bCambridge University Press U.K _c2015 |
||
| 300 |
_a111-149 Pp. _ccm. |
||
| 490 | _v49 | ||
| 650 |
_a Asian - education _9673878 |
||
| 650 | _aAsian Studies | ||
| 942 |
_cREF _2CC |
||
| 999 |
_c1113406 _d1113406 |
||